[Event "Tata Steel Masters"]
[Date "2026.01.17"]
[White "Aravindh, Chithambaram VR."]
[Black "Bluebaum, Matthias"]
[WhiteElo "2700"]
[BlackElo "2679"]
[Round "1.1.2"]
[Result "1/2-1/2"]

d4 {[%clk 01:59:45] [%emt 00:00:14]} d5 {[%clk 01:59:47] [%emt 00:00:14]} Nf3
{[%clk 01:59:13] [%emt 00:00:31]} Nf6 {[%clk 01:59:36] [%emt 00:00:11]} c4
{[%clk 01:59:04] [%emt 00:00:09]} e6 {[%clk 01:59:20] [%emt 00:00:16]} g3 {[%clk
01:58:51] [%emt 00:00:13]} Be7 {[%clk 01:58:49] [%emt 00:00:31]} Bg2 {[%clk
01:58:35] [%emt 00:00:16]} O-O {[%clk 01:58:42] [%emt 00:00:07]} O-O {[%clk
01:58:22] [%emt 00:00:13]} dxc4 {[%clk 01:58:39] [%emt 00:00:04]} Qc2 {[%clk
01:58:09] [%emt 00:00:13]} a6 {[%clk 01:58:15] [%emt 00:00:25]} a4 {[%clk
01:57:45] [%emt 00:00:23]} Bd7 {[%clk 01:58:09] [%emt 00:00:06]} Qxc4 {[%clk
01:57:20] [%emt 00:00:25]} Bc6 {[%clk 01:58:03] [%emt 00:00:06]} Bg5 {[%clk
01:56:48] [%emt 00:00:32]} Nbd7 {[%clk 01:57:22] [%emt 00:00:42]} Nc3 {[%clk
01:56:37] [%emt 00:00:10]} h6 {[%clk 01:57:12] [%emt 00:00:10]} Bf4 {[%clk
01:54:58] [%emt 00:01:39]} Bd6 {[%clk 01:51:06] [%emt 00:06:06]} Qd3 {[%clk
01:54:35] [%emt 00:00:23]} Bxf4 {[%clk 01:49:40] [%emt 00:01:27]} gxf4 {[%clk
01:54:30] [%emt 00:00:05]} a5 {[%clk 01:49:24] [%emt 00:00:16]} Kh1 {[%clk
01:49:08] [%emt 00:05:22]} Nb6 {[%clk 01:32:43] [%emt 00:16:41]} e3 {[%clk
01:35:00] [%emt 00:14:08]} Qe7 {[%clk 01:09:43] [%emt 00:23:00]} Rg1 {[%clk
01:34:07] [%emt 00:00:53]} Bxf3 {[%clk 01:08:20] [%emt 00:01:24]} Bxf3 {[%clk
01:34:01] [%emt 00:00:07]} c6 {[%clk 01:08:17] [%emt 00:00:03]} Rg3 {[%clk
01:24:44] [%emt 00:09:16]} Kh8 {[%clk 01:06:47] [%emt 00:01:31]} Rag1 {[%clk
01:24:15] [%emt 00:00:29]} Rg8 {[%clk 01:04:28] [%emt 00:02:18]} b3 {[%clk
01:23:37] [%emt 00:00:38]} Nbd5 {[%clk 01:00:05] [%emt 00:04:23]} Nxd5 Nxd5 Qe4
{[%clk 01:20:46] [%emt 00:00:01]} Qf6 {[%clk 00:47:25] [%emt 00:05:32]} Rh3
{[%clk 01:08:09] [%emt 00:12:37]} Rac8 {[%clk 00:43:13] [%emt 00:04:13]} Rh5
{[%clk 01:00:42] [%emt 00:07:27]} c5 {[%clk 00:38:16] [%emt 00:04:58]} dxc5
{[%clk 00:51:31] [%emt 00:09:11]} Rxc5 {[%clk 00:38:00] [%emt 00:00:16]} Qe5
{[%clk 00:50:56] [%emt 00:00:34]} Rgc8 {[%clk 00:29:41] [%emt 00:08:19]} Qxf6
{[%clk 00:35:09] [%emt 00:15:48]} Nxf6 {[%clk 00:29:34] [%emt 00:00:06]} Rxc5
{[%clk 00:35:04] [%emt 00:00:05]} Rxc5 {[%clk 00:29:33] [%emt 00:00:01]} Bxb7
{[%clk 00:34:33] [%emt 00:00:30]} Rc2 {[%clk 00:29:21] [%emt 00:00:11]} Kg2
{[%clk 00:33:41] [%emt 00:00:53]} Ng4 {[%clk 00:25:03] [%emt 00:04:19]} Kf3
{[%clk 00:22:50] [%emt 00:10:51]} f5 {[%clk 00:20:48] [%emt 00:04:15]} h3 {[%clk
00:14:39] [%emt 00:08:10]} Nxf2 {[%clk 00:20:06] [%emt 00:00:41]} Rg6 {[%clk
00:14:04] [%emt 00:00:36]} Rb2 {[%clk 00:16:08] [%emt 00:03:58]} Bc6 {[%clk
00:09:18] [%emt 00:04:46]} e5 {[%clk 00:05:50] [%emt 00:10:19]} fxe5 {[%clk
00:07:47] [%emt 00:01:31]} Nd3 {[%clk 00:05:44] [%emt 00:00:06]} Re6 {[%clk
00:07:31] [%emt 00:00:16]} Rf2+ {[%clk 00:05:22] [%emt 00:00:22]} Kg3 {[%clk
00:07:25] [%emt 00:00:06]} Re2 {[%clk 00:05:19] [%emt 00:00:03]} Kf3 {[%clk
00:06:30] [%emt 00:00:55]} Rf2+ {[%clk 00:05:05] [%emt 00:00:14]} Kg3 {[%clk
00:36:55] [%emt 00:00:04]} Re2 {[%clk 00:35:31] [%emt 00:00:05]} Kf3 {[%clk
00:36:11] [%emt 00:01:14]} Rf2+ {[%clk 00:34:20] [%emt 00:01:41]}

[Site "Europe Echecs"]

[Event "Tata Steel Masters"]
[Date "2026.01.17"]
[White "Niemann, Hans Moke"]
[Black "Fedoseev, Vladimir"]
[WhiteElo "2725"]
[BlackElo "2705"]
[Round "1.1.3"]
[Result "1-0"]

e4 {[%clk 01:59:54] [%emt 00:00:04]} e5 {[%clk 01:59:53] [%emt 00:00:08]} Nf3
{[%clk 01:59:46] [%emt 00:00:08]} Nf6 {[%clk 01:59:48] [%emt 00:00:04]} Nxe5
{[%clk 01:59:33] [%emt 00:00:13]} d6 {[%clk 01:59:42] [%emt 00:00:07]} Nf3
{[%clk 01:59:23] [%emt 00:00:10]} Nxe4 {[%clk 01:59:37] [%emt 00:00:06]} d4
{[%clk 01:59:09] [%emt 00:00:14]} d5 {[%clk 01:59:31] [%emt 00:00:05]} Bd3
{[%clk 01:59:02] [%emt 00:00:07]} Bd6 {[%clk 01:59:22] [%emt 00:00:10]} O-O
{[%clk 01:57:02] [%emt 00:01:59]} O-O {[%clk 01:59:13] [%emt 00:00:09]} c4
{[%clk 01:56:44] [%emt 00:00:19]} c6 {[%clk 01:58:55] [%emt 00:00:18]} Re1
{[%clk 01:56:19] [%emt 00:00:24]} Bf5 {[%clk 01:52:09] [%emt 00:06:46]} Qb3
{[%clk 01:55:55] [%emt 00:00:23]} Qd7 {[%clk 01:51:44] [%emt 00:00:26]} c5
{[%clk 01:55:37] [%emt 00:00:18]} Bc7 {[%clk 01:51:28] [%emt 00:00:14]} Nc3
{[%clk 01:55:28] [%emt 00:00:11]} Re8 {[%clk 01:46:47] [%emt 00:04:42]} Be3
{[%clk 01:55:11] [%emt 00:00:16]} Bg6 {[%clk 01:41:50] [%emt 00:04:57]} g3
{[%clk 01:51:48] [%emt 00:03:23]} Nxc5 {[%clk 01:34:01] [%emt 00:07:50]} dxc5
{[%clk 01:51:35] [%emt 00:00:12]} Bxd3 {[%clk 01:33:53] [%emt 00:00:08]} Qxb7
{[%clk 01:49:30] [%emt 00:02:05]}

[Site "Europe Echecs"]

[Event "Tata Steel Masters"]
[Date "2026.01.17"]
[White "Keymer, Vincent"]
[Black "Giri, Anish"]
[WhiteElo "2776"]
[BlackElo "2760"]
[Round "1.1.4"]
[Result "1-0"]

d4 {[%clk 01:59:57] [%emt 00:00:03]} d5 {[%clk 01:59:53] [%emt 00:00:06]} c4
{[%clk 01:59:52] [%emt 00:00:07]} dxc4 {[%clk 01:59:48] [%emt 00:00:04]} Nf3
{[%clk 01:59:47] [%emt 00:00:06]} Nf6 {[%clk 01:59:44] [%emt 00:00:04]} e3
{[%clk 01:59:44] [%emt 00:00:03]} e6 {[%clk 01:59:38] [%emt 00:00:05]} Bxc4
{[%clk 01:59:42] [%emt 00:00:03]} c5 {[%clk 01:59:31] [%emt 00:00:07]} O-O
{[%clk 01:59:36] [%emt 00:00:06]} a6 {[%clk 01:59:28] [%emt 00:00:02]} Re1
{[%clk 01:59:27] [%emt 00:00:09]} Nc6 {[%clk 01:59:07] [%emt 00:00:21]} Nc3
{[%clk 01:59:14] [%emt 00:00:13]} Be7 {[%clk 01:58:30] [%emt 00:00:37]} dxc5
{[%clk 01:56:07] [%emt 00:03:07]} Qxd1 {[%clk 01:57:50] [%emt 00:00:39]} Rxd1
{[%clk 01:56:03] [%emt 00:00:04]} Bxc5 {[%clk 01:57:43] [%emt 00:00:06]} Nd2
{[%clk 01:54:34] [%emt 00:01:30]} O-O {[%clk 01:52:49] [%emt 00:04:53]} Nb3
{[%clk 01:53:17] [%emt 00:01:18]} Ba7 {[%clk 01:26:38] [%emt 00:26:11]} Be2
{[%clk 01:52:44] [%emt 00:00:33]} Rd8 {[%clk 01:19:56] [%emt 00:06:42]} Bd2
{[%clk 01:47:50] [%emt 00:04:55]} Bd7 {[%clk 01:18:10] [%emt 00:01:45]} Be1
{[%clk 01:47:30] [%emt 00:00:20]} Be8 {[%clk 01:15:07] [%emt 00:03:03]} Kf1
{[%clk 01:47:26] [%emt 00:00:05]} Rac8 {[%clk 00:59:24] [%emt 00:15:42]} Rxd8
{[%clk 01:46:20] [%emt 00:01:06]} Rxd8 {[%clk 00:57:32] [%emt 00:01:52]} Rc1
{[%clk 01:46:14] [%emt 00:00:06]} h6 {[%clk 00:45:44] [%emt 00:11:47]} Na4
{[%clk 01:37:26] [%emt 00:08:48]} Nd4 {[%clk 00:42:18] [%emt 00:03:26]} exd4
{[%clk 01:28:33] [%emt 00:08:53]} Bxa4 {[%clk 00:41:51] [%emt 00:00:27]} Rc7
{[%clk 01:26:45] [%emt 00:01:48]} Rb8 {[%clk 00:35:33] [%emt 00:06:18]} Na5
{[%clk 01:23:08] [%emt 00:03:38]} Bxd4 {[%clk 00:35:22] [%emt 00:00:10]} Rc4
{[%clk 01:21:46] [%emt 00:01:21]}

[Site "Europe Echecs"]

[Event "Tata Steel Masters"]
[Date "2026.01.17"]
[White "Sindarov, Javokhir"]
[Black "Gukesh D"]
[WhiteElo "2726"]
[BlackElo "2754"]
[Round "1.1.5"]
[Result "1/2-1/2"]

d4 {[%clk 01:59:50] [%emt 00:00:09]} Nf6 {[%clk 01:59:53] [%emt 00:00:07]} c4
{[%clk 01:59:36] [%emt 00:00:14]} e6 {[%clk 01:59:46] [%emt 00:00:06]} Nf3
{[%clk 01:59:31] [%emt 00:00:05]} d5 {[%clk 01:59:40] [%emt 00:00:06]} Nc3
{[%clk 01:59:24] [%emt 00:00:06]} Nbd7 {[%clk 01:59:34] [%emt 00:00:06]} Qc2
{[%clk 01:58:07] [%emt 00:01:18]} Bb4 {[%clk 01:59:26] [%emt 00:00:08]} cxd5
{[%clk 01:48:56] [%emt 00:09:11]} exd5 {[%clk 01:59:19] [%emt 00:00:07]} Bg5
{[%clk 01:48:27] [%emt 00:00:29]} h6 {[%clk 01:59:05] [%emt 00:00:13]} Bxf6
{[%clk 01:26:53] [%emt 00:21:35]} Bxc3+ {[%clk 01:52:58] [%emt 00:06:06]} Qxc3
{[%clk 01:26:45] [%emt 00:00:09]} Nxf6 {[%clk 01:52:53] [%emt 00:00:05]} e3
{[%clk 01:26:39] [%emt 00:00:05]} Ne4 {[%clk 01:45:32] [%emt 00:07:21]} Qa3
{[%clk 01:22:08] [%emt 00:04:32]} Nd6 {[%clk 01:40:32] [%emt 00:05:00]} Bd3
{[%clk 01:21:40] [%emt 00:00:28]} O-O {[%clk 01:40:20] [%emt 00:00:11]} O-O
{[%clk 01:21:24] [%emt 00:00:16]} c6 {[%clk 01:38:57] [%emt 00:01:23]} Ne5
{[%clk 01:16:36] [%emt 00:04:48]} Bf5 {[%clk 01:37:09] [%emt 00:01:49]} Bxf5
{[%clk 01:15:34] [%emt 00:01:02]} Nxf5 {[%clk 01:37:01] [%emt 00:00:07]} Qc3
{[%clk 01:15:30] [%emt 00:00:05]} a5 {[%clk 01:36:23] [%emt 00:00:38]} a4 {[%clk
01:14:45] [%emt 00:00:45]} Qe7 {[%clk 01:29:03] [%emt 00:07:19]} Rab1 {[%clk
01:07:55] [%emt 00:06:50]} Nd6 {[%clk 01:26:58] [%emt 00:02:05]} b4 {[%clk
01:03:28] [%emt 00:04:28]} axb4 {[%clk 01:17:05] [%emt 00:09:54]} Qxb4 {[%clk
01:02:35] [%emt 00:00:52]} Ra7 {[%clk 01:16:34] [%emt 00:00:31]} Nd3 {[%clk
00:57:39] [%emt 00:04:55]} Qc7 {[%clk 01:08:34] [%emt 00:07:59]} Rfc1 {[%clk
00:31:31] [%emt 00:26:09]} Rfa8 {[%clk 01:06:51] [%emt 00:01:43]} Nc5 {[%clk
00:31:27] [%emt 00:00:05]} Nc4 {[%clk 01:03:33] [%emt 00:03:18]} Nd3 {[%clk
00:31:03] [%emt 00:00:24]} h5 {[%clk 00:51:08] [%emt 00:12:25]} h3 {[%clk
00:27:57] [%emt 00:03:06]} g6 {[%clk 00:50:40] [%emt 00:00:28]} Re1 {[%clk
00:20:12] [%emt 00:07:45]} h4 {[%clk 00:31:27] [%emt 00:19:13]} Rec1 {[%clk
00:16:34] [%emt 00:03:38]} Kg7 {[%clk 00:24:29] [%emt 00:06:58]} Re1 {[%clk
00:11:28] [%emt 00:05:07]} Kg8 {[%clk 00:18:10] [%emt 00:06:20]} Rec1 {[%clk
00:11:23] [%emt 00:00:05]} Qd8 {[%clk 00:13:53] [%emt 00:04:17]} Ne5 {[%clk
00:07:27] [%emt 00:03:55]} Nd6 {[%clk 00:13:47] [%emt 00:00:06]} Ra1 {[%clk
00:07:23] [%emt 00:00:04]} Ne4 {[%clk 00:13:14] [%emt 00:00:33]} Ra2 {[%clk
00:05:36] [%emt 00:01:47]} Qd6 {[%clk 00:11:57] [%emt 00:01:16]} Qb6 {[%clk
00:04:54] [%emt 00:00:43]} Qe7 {[%clk 00:11:33] [%emt 00:00:24]} Qb3 {[%clk
00:03:56] [%emt 00:00:58]} Ra5 {[%clk 00:08:15] [%emt 00:03:18]} Nd3 {[%clk
00:03:44] [%emt 00:00:12]} b5 {[%clk 00:07:26] [%emt 00:00:49]} Rca1 {[%clk
00:01:44] [%emt 00:02:00]} Qa7 {[%clk 00:06:45] [%emt 00:00:41]} Qc2 {[%clk
00:01:39] [%emt 00:00:05]} bxa4 {[%clk 00:05:44] [%emt 00:01:01]} Nb4 {[%clk
00:01:17] [%emt 00:00:23]} Qb7 {[%clk 00:01:31] [%emt 00:04:13]} Rxa4 {[%clk
00:01:04] [%emt 00:00:13]} Qxb4 {[%clk 00:00:31] [%emt 00:01:00]} Rxb4 {[%clk
00:31:28] [%emt 00:00:06]} Rxa1+ {[%clk 00:30:59]} Kh2 {[%clk 00:20:19] [%emt
00:11:39]} Kg7 {[%clk 00:20:57] [%emt 00:10:33]} Rb7 {[%clk 00:13:20] [%emt
00:07:29]} Rf1 {[%clk 00:04:55] [%emt 00:16:32]} Qxc6 {[%clk 00:03:55] [%emt
00:09:55]} Raa1 {[%clk 00:05:21] [%emt 00:00:03]} Rxf7+ {[%clk 00:04:20] [%emt
00:00:05]} Kxf7 {[%clk 00:04:12] [%emt 00:01:39]} Qxd5+ {[%clk 00:00:55] [%emt
00:03:55]} Kg7 {[%clk 00:04:25] [%emt 00:00:17]} Qe5+ {[%clk 00:01:11] [%emt
00:00:15]} Nf6 {[%clk 00:03:35] [%emt 00:01:19]} Qe7+ {[%clk 00:01:32] [%emt
00:00:09]} Kh6 {[%clk 00:03:02] [%emt 00:01:04]} Qf8+ {[%clk 00:01:58] [%emt
00:00:05]} Kh7 {[%clk 00:03:11] [%emt 00:00:21]} Qf7+ {[%clk 00:02:21] [%emt
00:00:07]} Kh6 {[%clk 00:03:37] [%emt 00:00:04]} Qf8+ {[%clk 00:02:49] [%emt
00:00:02]} Kh5 {[%clk 00:03:20] [%emt 00:00:47]} Qh8+ {[%clk 00:01:08] [%emt
00:02:10]} Kg5 {[%clk 00:03:49]} f4+ {[%clk 00:00:40] [%emt 00:00:58]} Kf5
{[%clk 00:04:17] [%emt 00:00:02]} Qxh4 {[%clk 00:00:33] [%emt 00:00:37]} Rh1+
{[%clk 00:01:19] [%emt 00:03:28]} Kg3 {[%clk 00:01:00] [%emt 00:00:04]} Ne4+
{[%clk 00:01:46] [%emt 00:00:03]} Kf3 {[%clk 00:01:28] [%emt 00:00:01]} Rhf1+
{[%clk 00:01:37] [%emt 00:00:39]} Ke2 {[%clk 00:01:57] [%emt 00:00:01]} Rf2+
{[%clk 00:02:02] [%emt 00:00:05]} Kd3 {[%clk 00:02:22] [%emt 00:00:05]} Rd2+
{[%clk 00:00:49] [%emt 00:01:43]} Kc4 {[%clk 00:02:46] [%emt 00:00:05]} Rc1+
{[%clk 00:01:15] [%emt 00:00:05]} Kb3 {[%clk 00:02:42] [%emt 00:00:34]} Rc3+
{[%clk 00:01:31] [%emt 00:00:14]} Kb4 {[%clk 00:03:06] [%emt 00:00:06]} Rb2+
{[%clk 00:01:55] [%emt 00:00:06]} Ka4 {[%clk 00:03:32] [%emt 00:00:04]} Ra2+
{[%clk 00:01:28] [%emt 00:00:57]} Kb4 {[%clk 00:04:00] [%emt 00:00:02]} Rb2+
{[%clk 00:01:56] [%emt 00:00:02]} Ka4 {[%clk 00:04:24] [%emt 00:00:06]} Rxe3
{[%clk 00:00:39] [%emt 00:01:47]} Qg4+ {[%clk 00:02:07] [%emt 00:02:47]} Kf6
{[%clk 00:01:08] [%emt 00:00:01]} Qh4+ {[%clk 00:02:36]} Ke6 {[%clk 00:01:08]
[%emt 00:00:31]} Qd8 {[%clk 00:03:00] [%emt 00:00:06]} Ra2+ {[%clk 00:01:25]
[%emt 00:00:12]} Kb4 {[%clk 00:03:25] [%emt 00:00:05]} Rb2+ {[%clk 00:01:52]
[%emt 00:00:03]} Ka4 {[%clk 00:03:53] [%emt 00:00:03]} Rxg2 {[%clk 00:00:41]
[%emt 00:01:41]} Qg8+ {[%clk 00:00:33] [%emt 00:03:50]} Kf5 {[%clk 00:00:40]
[%emt 00:00:31]} Qf8+ {[%clk 00:00:52] [%emt 00:00:12]} Nf6 {[%clk 00:00:37]
[%emt 00:00:33]} Qc5+ {[%clk 00:01:19] [%emt 00:00:02]} Kxf4 {[%clk 00:00:37]
[%emt 00:00:31]} Qd6 {[%clk 00:01:47] [%emt 00:00:02]} Kf5 {[%clk 00:01:00]
[%emt 00:00:07]} Qc5+ {[%clk 00:02:14] [%emt 00:00:03]} Kf4 {[%clk 00:00:38]
[%emt 00:00:51]} Qd6 {[%clk 00:02:41] [%emt 00:00:03]} Kg5 {[%clk 00:00:34]
[%emt 00:00:35]} h4+ {[%clk 00:03:09] [%emt 00:00:02]} Kf5 {[%clk 00:00:35]
[%emt 00:00:28]} Qc5+ {[%clk 00:03:37] [%emt 00:00:02]} Kf4 {[%clk 00:00:37]
[%emt 00:00:28]} Qd6 {[%clk 00:04:05] [%emt 00:00:02]} Kf5 {[%clk 00:00:36]
[%emt 00:00:31]} Qc5+ {[%clk 00:04:33] [%emt 00:00:02]}

[Site "Europe Echecs"]

[Event "Tata Steel Masters"]
[Date "2026.01.17"]
[White "Van Foreest, Jorden"]
[Black "Nguyen, Thai Dai Van"]
[WhiteElo "2703"]
[BlackElo "2656"]
[Round "1.1.6"]
[Result "1/2-1/2"]

e4 {[%clk 01:59:55] [%emt 00:00:03]} e5 {[%clk 01:59:24] [%emt 00:00:37]} Nf3
{[%clk 01:59:40] [%emt 00:00:13]} Nf6 {[%emt 00:01:54]} d4 {[%clk 01:58:14]
[%emt 00:00:22]} Nxe4 {[%clk 01:58:17] [%emt 00:00:18]} Bd3 {[%clk 01:57:52]
[%emt 00:00:21]} d5 {[%emt 00:00:20]} Nxe5 {[%emt 00:01:39]} Nd7 {[%emt
00:02:36]} O-O {[%emt 00:01:20]} Nxe5 {[%clk 01:54:59] [%emt 00:00:08]} dxe5
{[%emt 00:00:10]} Nc5 {[%clk 01:54:18] [%emt 00:00:39]} Be2 {[%emt 00:11:57]} c6
{[%clk 01:42:12] [%emt 00:00:52]} Nd2 {[%emt 00:01:44]} Be7 {[%clk 01:39:29]
[%emt 00:01:11]} f4 {[%emt 00:26:26]} Bf5 {[%emt 00:25:08]} g4 {[%emt 00:04:16]}
Be4 {[%emt 00:02:49]} Nxe4 {[%clk 01:25:19] [%emt 00:00:25]} Nxe4 {[%clk
01:08:04] [%emt 00:01:05]} Bf3 {[%emt 00:10:39]} h5 {[%emt 00:22:22]} gxh5
{[%emt 00:03:09]} Bc5+ {[%clk 00:53:49] [%emt 00:00:34]} Kg2 {[%clk 01:02:44]
[%emt 00:00:07]} Qh4 {[%emt 00:04:30]} Qe1 {[%emt 00:01:08]} Rxh5 {[%emt
00:02:18]} Qxh4 {[%clk 00:29:44] [%emt 00:00:36]} Rxh4 b4 {[%emt 00:52:00]} Bd4
{[%clk 00:26:00] [%emt 00:00:16]} Rb1 {[%emt 00:00:30]} Ke7 {[%emt 00:02:18]}
Bxe4 {[%clk 00:27:08] [%emt 00:00:14]} dxe4 {[%clk 00:15:22] [%emt 00:03:06]} h3
f6 {[%emt 00:19:20]} Rd1 {[%emt 00:02:34]} fxe5 {[%emt 00:00:12]} fxe5 {[%clk
00:14:21] [%emt 00:00:01]} e3 {[%emt 00:01:48]} Rd3 {[%emt 00:01:37]} Re4 {[%clk
00:11:36] [%emt 00:00:04]} Kf3 {[%clk 00:12:17] [%emt 00:00:06]} Rh4 {[%emt
00:00:28]} Kg2 {[%emt 00:00:37]} Re4 {[%emt 00:02:37]} Kf3 {[%clk 00:11:25]
[%emt 00:00:17]} Rh4 {[%emt 00:00:37]}

[Site "Europe Echecs"]

[Event "Tata Steel Masters"]
[Date "2026.01.17"]
[White "Erigaisi Arjun"]
[Black "Praggnanandhaa R"]
[WhiteElo "2775"]
[BlackElo "2758"]
[Round "1.1.7"]
[Result "1-0"]

d4 {[%clk 01:59:39] [%emt 00:00:21]} d5 {[%clk 01:59:21] [%emt 00:00:38]} c4
{[%clk 01:59:32] [%emt 00:00:08]} dxc4 {[%clk 01:59:14] [%emt 00:00:07]} e4
{[%clk 01:59:27] [%emt 00:00:06]} e5 {[%clk 01:59:07] [%emt 00:00:05]} Nf3
{[%clk 01:59:16] [%emt 00:00:12]} exd4 {[%clk 01:58:51] [%emt 00:00:15]} Bxc4
{[%clk 01:58:35] [%emt 00:00:41]} Nc6 {[%clk 01:58:33] [%emt 00:00:17]} Qb3
{[%clk 01:57:06] [%emt 00:01:30]} Bb4+ {[%clk 01:57:20] [%emt 00:01:12]} Nbd2
{[%clk 01:56:58] [%emt 00:00:08]} Qf6 {[%clk 01:57:01] [%emt 00:00:19]} O-O
{[%clk 01:56:33] [%emt 00:00:25]} Nge7 {[%clk 01:50:03] [%emt 00:06:57]} e5
{[%clk 01:56:06] [%emt 00:00:28]} Qg6 {[%clk 01:48:48] [%emt 00:01:15]} Nh4
{[%clk 01:55:44] [%emt 00:00:22]} Qh5 {[%clk 01:41:46] [%emt 00:07:02]} Ndf3
{[%clk 01:54:24] [%emt 00:01:20]} Ba5 {[%clk 01:11:53] [%emt 00:29:53]} h3
{[%clk 01:41:42] [%emt 00:12:42]} d3 {[%clk 01:05:20] [%emt 00:06:32]} Qxd3
{[%clk 01:19:06] [%emt 00:22:36]} Nxe5 {[%clk 01:01:46] [%emt 00:03:34]} Nxe5
{[%clk 01:18:46] [%emt 00:00:20]} Qxe5 {[%clk 01:01:40] [%emt 00:00:06]} Nf3
{[%clk 01:18:36] [%emt 00:00:10]} Qd6 {[%clk 00:44:09] [%emt 00:17:30]} Qb3
{[%clk 01:13:26] [%emt 00:05:11]} Be6 {[%clk 00:39:45] [%emt 00:04:24]} Bxe6
{[%clk 01:10:25] [%emt 00:03:01]} fxe6 {[%clk 00:38:20] [%emt 00:01:25]} Rd1
{[%clk 01:09:51] [%emt 00:00:33]} Qb6 {[%clk 00:30:51] [%emt 00:07:30]} Qa4+
{[%clk 01:09:24] [%emt 00:00:27]} c6 {[%clk 00:30:33] [%emt 00:00:18]} Qe4
{[%clk 01:00:08] [%emt 00:09:16]} Qb5 {[%clk 00:27:29] [%emt 00:03:03]} Qxe6
{[%clk 00:55:18] [%emt 00:04:50]} Qf5 {[%clk 00:27:17] [%emt 00:00:12]} Qe2
{[%clk 00:54:35] [%emt 00:00:44]} Rf8 {[%clk 00:22:29] [%emt 00:04:48]} Rd3
{[%clk 00:33:44] [%emt 00:20:51]} Bb6 {[%clk 00:08:37] [%emt 00:13:53]} Bg5
{[%clk 00:30:51] [%emt 00:02:52]} Rf7 {[%clk 00:08:06] [%emt 00:00:31]} g4
{[%clk 00:13:05] [%emt 00:17:47]} Qg6 {[%clk 00:06:10] [%emt 00:01:55]} Re1
{[%clk 00:11:02] [%emt 00:02:04]} Bxf2+ {[%clk 00:05:12] [%emt 00:00:57]} Kxf2
{[%clk 00:10:58] [%emt 00:00:04]} Qxg5 {[%clk 00:05:09] [%emt 00:00:03]} Kg2
{[%clk 00:10:54] [%emt 00:00:04]} Qc5 {[%clk 00:02:45] [%emt 00:02:24]} Ne5
{[%clk 00:10:44] [%emt 00:00:10]} Rf4 {[%clk 00:02:34] [%emt 00:00:11]} Nd7
{[%clk 00:09:38] [%emt 00:01:06]} Qg5 {[%clk 00:02:30] [%emt 00:00:04]} Qe6
{[%clk 00:09:25] [%emt 00:00:14]} O-O-O {[%clk 00:01:12] [%emt 00:01:18]} Nf6+
{[%clk 00:09:06] [%emt 00:00:18]}

[Site "Europe Echecs"]